Catalog

Record Details

Catalog Search



Ztracené dějiny, aneb, Ziemie odzyskane? / Goethe-Institut Praha, Osródok kultury Polskiej

Record details

  • Physical Description: 129 s.
  • Edition: 1. vyd.
  • Publisher: Praha : Goethe-Institut Praha, 1992

Available copies

  • 1 of 1 copy available at Common Catalog SPOK.

Holds

  • 0 current holds with 1 total copy.
Show Only Available Copies
Location Call Number / Copy Notes Barcode Shelving Location Status Due Date
Terezin Initiative Institute 4913 4594304913 Knihovna ITI Available -

LDR 01033cam a22003137a 4500
00127551
003CZ-PrJAB
00520220901143344.0
008960104s1992 xr ||||gr|||||||||0|cze|d
035 . ‡a(CONS)2371
035 . ‡a(CZ PrSKC)jin217616
040 . ‡aABD001 ‡bcze ‡cABD001 ‡dABD107 ‡dABD067
0410 . ‡acze ‡ager
044 . ‡axr ‡apl
1112 . ‡aZtracené dějiny aneb ziemie odzyskane? ‡d(1991 : ‡cPraha, Česko)
24510. ‡aZtracené dějiny, aneb, Ziemie odzyskane? / ‡cGoethe-Institut Praha, Osródok kultury Polskiej
24611. ‡aVerlorene Geschichte oder wiedergewonnenes Land?
250 . ‡a1. vyd.
260 . ‡aPraha : ‡bGoethe-Institut Praha, ‡c1992
300 . ‡a129 s.
7102 . ‡aGoethe-Institut (Praha, Česko)
7102 . ‡aOsródok kultury Polskiej (Praha, Česko)
8524 . ‡bJACH-ITI ‡bJACH-ITI ‡cKnihovna ITI ‡j4913 ‡p4913 ‡y$0.00
910 . ‡aABE340 ‡b4913
995 . ‡askok
901 . ‡a27551 ‡bSystem ‡c27551 ‡tbiblio

Additional Resources